000
00257nam a2200097Ia 4500
001
834975
005
20250826172445.0
008
250824s9999 xx 000 0 und d
245
0
_a
YETİM SERÇENİN SERÜVENLERİ
_c
SADETTİN KAPLAN
260
_b
BİLGE YAYINLARI
999
_c
834975
_d
834975